• 首页
  • 本馆介绍
  • 公告通知
  • 最新文献
  • 馆藏检索
  • 电子资源
  • 读者导购
  • 参考咨询
  • 我的图书馆
  • 登录
  • 详细信息显示
  • 放入我的书架
  • 预约/预借图书
  • 作者相关作品
  • 分类相关作品
  • 丛书相关作品
  • 出版社相关作品

书目信息

  • 表格格式
  • 工作单格式
  • 卡片格式
题名:
化工安全与环保
    
 
作者: 智恒平 主编
分册:  
出版信息: 北京   化学工业出版社  2016.02
页数: 189页
开本: 26cm
丛书名:
单 册:
中图分类: TQ086 , X78
科图分类:
主题词: 化工安全--职业高中--教材 , 化学工业--环境保护--职业高中--教材
电子资源:
ISBN: 978-7-122-25755-0
000 00950nam0 2200289 450
001 008275807
005 20170512103624.15
010    @a978-7-122-25755-0@dCNY25.00
100    @a20160307d2016 em y0chiy50 ea
101 0  @achi
102    @aCN@b110000
105    @aa z 000yy
106    @ar
200 1  @a化工安全与环保@9hua gong an quan yu huan bao@f智恒平主编
205    @a2版
210    @a北京@c化学工业出版社@d2016.02
215    @a189页@c图@d26cm
300    @a中等职业学校规划教材·化工中级技工教材
330    @a本书内容包括:化工生产防火防爆技术;电气、静电及雷电安全防护技术;工业毒物的危害及防护;危险化学品的安全储运;劳动保护技术常识;压力容器的安全技术等。
333    @a中专
606 0  @a化工安全@x职业高中@j教材
606 0  @a化学工业@x环境保护@x职业高中@j教材
690    @aTQ086@v5
690    @aX78@v5
701  0 @a智恒平@9zhi heng ping@4主编
801  0 @aCN@b人天书店@c20160707
905    @b990035-38@dTQ086@e386=2@f4
    
    化工安全与环保/智恒平主编.-2版.-北京:化学工业出版社,2016.02
    189页:图;26cm
    中等职业学校规划教材·化工中级技工教材.-使用对象:中专
    
    ISBN 978-7-122-25755-0:CNY25.00
    本书内容包括:化工生产防火防爆技术;电气、静电及雷电安全防护技术;工业毒物的危害及防护;危险化学品的安全储运;劳动保护技术常识;压力容器的安全技术等。
●
相关链接 在E读中查询图书 在五车中查询图书 在当当中查询图书 在豆瓣中查询图书


正题名:化工安全与环保     索取号:TQ086/386=2         预约/预借

序号 登录号 条形码 馆藏地/架位号 状态 备注
1 990035   209900357   第二样本阅览室/ [索取号:TQ086/386=2] 在馆    
2 990036   209900366   第三借阅区/ [索取号:TQ086/386=2] 在馆    
3 990037   209900375   第三借阅区/ [索取号:TQ086/386=2] 在馆    
4 990038   209900384   密集书库-化学系/ [索取号:TQ086/386=2] 在馆    
唐山师范学院图书馆 欢迎您!
大连网信软件有限公司© 版权所有